000
00347nam a2200145Ia 4500
003
OSt
005
20240319101508.0
008
170523s9999 xx 000 0 und d
020
_a
978-0199479368
040
_c
IIMT UNIVERSITY
100
_a
Nagsarkar- T.K.
245
0
_a
Basic Electrical Engineering
260
_a
Oxford Uni.P.
942
_2
ddc
_c
02
999
_c
11567
_d
11567